| 000 | 00766nam a2200217Ia 4500 | ||
|---|---|---|---|
| 003 | GCL | ||
| 008 | 140319s9999 xx 000 0 ara d | ||
| 040 |
_aGCL / _cGCL |
||
| 082 | 0 | 4 |
_aق _b962.034 _bج ا |
| 100 | 1 | _aجورج جندى | |
| 245 | 1 | 0 |
_aاسماعيل كما تصوره الوثائق الرسمية مع مقدمة لحضرةصاحب السعادةيوسف جلاد باشا / _cجورج جندى |
| 260 |
_a[S.N] : _bمطبعة دار الكتب المصرية ، _c1947 |
||
| 300 | _a295 ص | ||
| 490 | _a | ||
| 650 | 0 | 4 | _aالعصر الحديث |
| 650 | 0 | 4 | _aمصر |
| 650 | 0 | 4 | _aتاريخ |
| 650 | 0 | 4 | _aالوثائق |
| 650 | 0 | 4 | _aمصر - تاريخ - العصر الحديث - عصر اسماعيل ( 1863-1879 م ) |
| 942 |
_2ddc _cBK |
||
| 999 |
_c36193 _d36193 |
||